000 00333nam a2200145Ia 4500
008 210210b xxu||||| |||| 00| 0 eng d
082 _a383/99 UGC
100 _aSHERLEKAR, S A
245 _aSecretarial practics
260 _a
_bNot Mentioned
_c
650 _aSecretarial
650 _apractics
690 _aCommerce
906 _a036491
999 _c86717
_d86717